| 000 | 00976naa a2200265 c 4500 | ||
|---|---|---|---|
| 001 | 31742 | ||
| 003 | ES-MaCES | ||
| 005 | 20000424173800.0 | ||
| 008 | 000424n2000 sp ||| | spa d | ||
| 035 | _aCES20000002686v | ||
| 040 |
_aES-MaCES _bspa _cES-MaCES |
||
| 100 | 1 |
_aVicente Pachés, Fernando de _925796 |
|
| 245 | 1 | 3 |
_aEl desplazamiento temporal de trabajadores en el marco de una prestación de servicios transnacional _cpor Fernando de Vicente Pachés |
| 650 | 4 |
_alegislación del trabajo _927166 |
|
| 650 | 4 |
_amovilidad de la mano de obra _928354 |
|
| 650 | 4 |
_alibre circulación _929880 |
|
| 650 | 4 |
_atrabajador temporal _929204 |
|
| 650 | 4 |
_acondiciones de trabajo _928327 |
|
| 650 | 4 |
_acontrato de trabajo _928316 |
|
| 653 | 1 | 0 | _aEmpleo |
| 773 | 0 |
_tTribuna social _gn. 110 (feb. 2000){10448 R. 035148}; p. 11-22 _w(ES-MaCES)25455 _959464 |
|
| 902 | _aART Artículo de revista | ||
| 942 |
_2CES _cAR _h2.1. |
||
| 999 |
_c31742 _d31742 |
||